| 000 | 00491cam a22001337a 4500 | ||
|---|---|---|---|
| 008 | 180718b1962 xxu||||| |||| 00| 0 eng d | ||
| 082 | _aY261x54 In2r | ||
| 100 | _aIndia. Committee to Reassess the Demand for Hard Coke | ||
| 245 |
_aReport of the Committee to Reassess the Demand for Hard Coke _cby Committee to Reassess the Demand for Hard Coke |
||
| 260 |
_aDelhi _bThe Manager of Publications _c1962 |
||
| 300 | _a63+p. | ||
| 500 | _aChairman: P.M. Nayak | ||
| 700 | _aNayak, P.M. (Chairman) | ||
| 999 |
_c489882 _d489882 |
||